[Event "Leonid Stein Memorial"]
[Site "Lvov"]
[Date "2000.05.13"]
[Round "2"]
[White "Gelfand, Boris"]
[Black "Ivanchuk, Vassily"]
[Result "0-1"]
[WhiteElo "2692"]
[BlackElo "2709"]
[Annotator "Stohl,I"]
[PlyCount "120"]
[EventDate "2000.05.12"]
[EventType "tourn"]
[EventRounds "10"]
[EventCountry "UKR"]
[EventCategory "17"]
[SourceTitle "CBM 077"]
[Source "ChessBase"]
[SourceDate "2000.07.27"]
[SourceVersion "1"]
[SourceVersionDate "2000.07.27"]
[SourceQuality "1"]

1. Nf3 c5 2. c4 Nc6 3. d4 cxd4 4. Nxd4 Nf6 5. g3 Qb6 6. Nb3 e6 7. Bg2 (7. Nc3
Ne5 8. e4 Bb4 9. Qe2 d6 $1 $132 {-A33}) 7... Ne5 (7... a5 8. O-O a4 9. N3d2 Qa5
10. Nc3 Bb4 11. Nde4 Nxe4 12. Nxe4 O-O 13. a3 Be7 14. Bf4 d5 15. cxd5 exd5 16.
Nc3 d4 17. Nd5 Bd8 18. Bd6 Re8 19. Re1 Be6 20. Nb4 Qb6 21. Rc1 $36 {Raetsky,
A-Kovtun,S/Voroshilovgrad/1989/}) (7... Bb4+ 8. Nc3 $5 (8. Bd2 d5 9. cxd5 Nxd5
(9... exd5 10. O-O Be6 11. Bxb4 Qxb4 12. Nc3 Rd8 13. a3 Qe7 14. Nd4 O-O 15. Qa4
Nxd4 16. Qxd4 a6 17. Rfd1 Rd7 18. Rac1 $14 {Pecorelli Garcia,H-Teske,H/Havana/
1998/}) 10. O-O (10. Nc3 Nxc3 11. bxc3 Be7 12. O-O O-O 13. c4 Rd8 14. Qc2 Qc7
15. Rac1 Bd7 16. Bc3 Be8 17. Be4 h6 18. Qb2 Bf8 19. Bb1 a5 20. Qc2 g6 21. Bf6
Be7 22. Bxe7 $11 {1/2, Giorgadze,G-Strikovic,A/La Coruna/1996/}) 10... Bxd2 11.
N1xd2 O-O 12. Nc4 Qb4 13. Rc1 Rd8 14. a3 Qe7 15. Nd4 Nf4 16. Nxc6 bxc6 17. Qc2
Nxg2 18. Kxg2 c5 19. Rfd1 Bb7+ 20. f3 e5 $132 {/+/=,Luce,S-Kinsman,A/Paris/
1996/}) 8... Qa6 9. c5 (9. O-O Qxc4 10. Bf4 d5 11. Rc1 Qa6 12. e4 Bxc3 13. exd5
Nxd5 14. Bxd5 exd5 15. Bd6 $2 Be5 16. Re1 Be6 17. Nc5 Qb6 18. Nxe6 fxe6 19. Qg4
Bxd6 20. Rxe6+ Ne7 21. Qa4+ Kf7 22. Rce1 Rhe8 23. Qh4 Ng6 {0-1,Gross,R-De
Firmian,N/Palo Alto/1981/}) 9... b6 10. O-O O-O 11. Bf4 Bxc3 12. bxc3 Bb7 13.
Re1 Na5 14. e4 Bc6 15. Bg5 bxc5 16. Bxf6 gxf6 17. Qg4+ Kh8 18. Qf4 Kg7 19. e5
f5 20. Nxc5 $40 {Schlosser,P-Goetz,R/Bundesliga 8889/1989/}) 8. Qc2 (8. N1d2 d6
9. O-O Bd7 10. Qc2 Rc8 11. Qc3 Qa6 12. c5 b6 13. f4 Nc6 14. cxd6 Bxd6 15. Nc4
Be7 16. Qd3 O-O 17. Ne5 Qxd3 18. Nxd3 Nb4 19. Nxb4 Bxb4 20. Rd1 Rc2 21. Bd2 {
1/2,Kortschnoj,V-Zagorskis,D/Hamburg/1997/}) (8. N3d2 Bc5 (8... d6 $142 9. O-O
Be7 $13) 9. O-O h5 $6 10. Nc3 h4 11. Na4 Qc7 12. Nxc5 Qxc5 13. Nb3 Qxc4 14. Bf4
Ng6 15. Bd6 hxg3 16. hxg3 Ne7 17. Rc1 Qg4 18. Qc2 Qf5 19. e4 Qh7 20. f3 $16 {
Schneider,A-Cao Sang/HUN-chT/1996/}) (8. O-O $5 Nxc4 9. e4 d6 10. Qe2 Ne5 11.
Nc3 Bd7 12. Be3 Qa6 13. Qxa6 bxa6 14. Na5 Rc8 15. Rfd1 Be7 16. Bxa7 Nc6 17.
Nxc6 Bxc6 18. Rac1 $36 O-O $2 19. e5 $1 dxe5 20. Bxc6 Rc7 21. Be3 Rxc6 22. Nd5
$16 {Baumgartner,H-Topakian,R/AUT-ch/1991/}) 8... Qa6 $5 $146 (8... Qc7 9. N3d2
(9. c5 d6 10. Na3 Bd7 11. Bf4 Rc8 12. Rc1 Ng6 13. Bxd6 Bxd6 14. cxd6 Qxd6 15.
Qd2 Rxc1+ 16. Qxc1 O-O 17. Qc5 Qb8 18. Qb4 b6 19. O-O Qe5 20. Nd4 Rc8 21. Rd1
h6 22. Nc4 Qc5 $11 {Hulak,K-Gostisa,L/Portoroz/1987/}) 9... d5 10. b3 $5 dxc4
11. O-O Bd6 12. Na3 Bd7 13. Ndxc4 Nxc4 14. Nxc4 O-O 15. Qd3 Be5 16. Nxe5 Qxe5
17. Bf4 Qh5 18. Bxb7 Ng4 19. h4 Bb5 20. Qf3 Rad8 21. Rfd1 $16 {Rovner,
D-Mikenas,V/Tartu/1950/}) (8... d6 9. O-O Bd7 10. Be3 Qc7 11. Na3 Bc6 12. Bxc6+
bxc6 13. Bd4 Ned7 14. e4 e5 15. Be3 Be7 16. f3 O-O 17. Rac1 Rfe8 18. Nb1 Nf8
19. Nc3 Ng6 20. Rfd1 $14 {Pol Valveny,R-Serra Olives,T/Palencia/1999/}) 9. c5 (
9. N3d2 d5 10. cxd5 exd5 $132) 9... d5 {[+]} 10. cxd6 (10. O-O Be7 (10... Bd7
$5 {/\Rc8,><c5}) 11. Nc3 O-O 12. e4 dxe4 13. Nxe4 Nxe4 14. Bxe4 f5 15. Bg2 Qd3
$11) 10... Bxd6 11. O-O Bd7 12. Nc3 Rc8 (12... Bc6 $143 13. e4 $14 {/\f4}) 13.
Rd1 Be7 14. Bf4 Nc4 (14... Ng6 15. Bg5 Bc6 $11) 15. Nd2 Nxd2 16. Qxd2 O-O $11 {
Black has finished his development and as White has no entry points on the
d-file, the position is about equal.} (16... Bc6 17. Bxc6+ Qxc6 18. Rac1 O-O {
/\Rfd8=}) 17. Bd6 Bxd6 18. Qxd6 Bc6 19. Rd4 (19. e4 Qb6 20. b3 Rfd8 21. Qf4 e5
$5 $15 {/\} 22. Qxe5 Qxf2+ 23. Kxf2 Ng4+) (19. Rac1 Qb6 20. Bxc6 Rxc6 21. Qd2
Ng4 $36) 19... Qb6 20. Qb4 Qxb4 21. Rxb4 b6 22. Rd1 h6 (22... Bxg2 $142 23.
Kxg2 Rfd8 24. Rbd4 Rxd4 25. Rxd4 Kf8 $11) 23. Bxc6 Rxc6 24. Ra4 Ra8 (24... a5
25. Rad4 {[%csl Rb6] ><b6}) 25. Rad4 Rcc8 26. e4 $6 {Now Black activates his N
and solves any possible problems.} (26. f3 $11 {[%cal Ye2e4,Yg1e3] /+/=,/\e4,
Kf2-e3,[+],<->d}) 26... Ng4 $1 27. f4 (27. h3 Ne5 28. Kg2 Nc4 29. b3 Ne3+ 30.
fxe3 Rxc3 31. Rd8+ (31. Kf3 Kh7 32. Rd7 Kg6 $15 {[%csl Re3,Re4] ><e3,e4}) 31...
Rxd8 32. Rxd8+ Kh7 33. Kf3 Rc7 $15 {/=}) 27... Ne3 (27... e5 28. R4d3 $14) 28.
R1d3 (28. Rc1 Rd8 $1 {[%cal Gd8d1] <->d}) 28... Nc4 29. b3 Nb2 30. Re3 Rc5 31.
Rd2 Rac8 $11 32. Rxb2 (32. Ne2 $142 Rc2 33. Rd7 $11) 32... Rxc3 33. Rxc3 Rxc3
34. Kf2 g5 $1 {[%mdl 4096] Although the position is still drawish, Black has
the more active R and White's >> P are more vulnerable, so he must be careful.}
35. Re2 Kg7 36. Re3 Rc1 (36... Rxe3 $2 37. Kxe3 $14 {is premature, White's K
is better placed.}) 37. Re1 Rc5 38. Kf3 Kg6 39. Re2 $2 (39. h3 $142 $5 Rc3+ 40.
Re3 Rc2 41. Re2 Rc1 (41... Rxe2 42. Kxe2 gxf4 43. gxf4 Kh5 44. Kf3 Kh4 45. Kg2
f6 46. a4 $11) 42. Re3 $11 {/=/+}) 39... Rc3+ 40. Re3 (40. Kg2 gxf4 41. gxf4
Kh5 $17 {and the K penetrates. But now White loses material immediately.})
40... Rc2 41. Rd3 (41. Re2 Rxe2 42. Kxe2 gxf4 43. gxf4 Kh5 44. Kf3 Kh4 $19) (
41. fxg5 hxg5 (41... Rxa2 $5 42. gxh6 Rxh2 $19) 42. Re2 g4+ 43. Ke3 Rxe2+ 44.
Kxe2 Kf6 45. Kd3 Ke5 46. Ke3 b5 47. b4 a6 48. a3 f6 49. Kd3 f5 50. exf5 Kxf5
51. Kd4 e5+ 52. Kd5 Kf6 53. Ke4 Ke6 $19) 41... Rxh2 42. a4 Rb2 $19 {_|_R Black
is a pawn up and has an active R. The rest is easy.} 43. Rc3 h5 44. fxg5 Kxg5
45. Rd3 (45. Rc7 Rxb3+ 46. Kf2 a5 47. Rxf7 Rb4 $19) 45... f6 46. Re3 e5 {
[%csl Rb3,Re4,Rg3] ק} 47. Rc3 a6 48. Rd3 Rc2 49. Re3 b5 50. a5 b4 51. Rd3 Rc5
(51... Rc3 $2 52. Rxc3 bxc3 53. Ke3 Kg4 54. b4 Kxg3 55. b5 c2 56. Kd2 h4 57.
bxa6 h3 58. a7 $11) 52. Rd8 Rxa5 53. Rg8+ Kh6 54. Rb8 Rc5 (54... Rb5 $19) 55.
Rxb4 Rb5 $1 56. Ra4 (56. Rxb5 axb5 57. b4 Kg5 $19) 56... Rxb3+ 57. Kf2 Rb6 58.
Kf3 Kg5 59. Ra3 Rc6 60. Ra4 Rc3+ {[%cal Rg5g4] /\Kg4} 0-1

[Event "Rubinstein Memorial 37th"]
[Site "Polanica Zdroj"]
[Date "2000.08.19"]
[Round "3"]
[White "Gelfand, Boris"]
[Black "Ivanchuk, Vassily"]
[Result "1/2-1/2"]
[WhiteElo "2681"]
[BlackElo "2719"]
[Annotator "Gelfand,B"]
[PlyCount "82"]
[EventDate "2000.08.17"]
[EventType "tourn"]
[EventRounds "9"]
[EventCountry "POL"]
[EventCategory "17"]
[SourceTitle "CBM 079"]
[Source "ChessBase"]
[SourceDate "2000.11.21"]
[SourceVersion "1"]
[SourceVersionDate "2000.11.21"]
[SourceQuality "1"]

1. Nf3 {Stohl} c5 2. c4 Nc6 3. d4 cxd4 4. Nxd4 Nf6 5. g3 Qb6 (5... Qa5+ $5 $132
{Stohl}) 6. Nc2 (6. Nb3 {Stohl} Ne5 7. c5 Qc6 8. Rg1 d5 $5 (8... e6 9. Qd4 Qe4
10. Be3 d5 11. cxd6 Qxd4 12. Bxd4 Bxd6 13. Bg2 Ke7 14. Nc3 Nc6 15. Bxc6 bxc6
16. O-O-O e5 17. Bc5 Bxc5 18. Nxc5 Rb8 19. f3 h5 20. h4 Be6 21. Rd2 Rhd8 22.
Rgd1 Rxd2 23. Rxd2 Nd5 24. Nxe6 Kxe6 25. Ne4 Ke7 26. a3 $14 {Gelfand,B-Avrukh,
B/Haifa Wydra act/2000/}) 9. cxd6 exd6 10. Bg5 (10. Nc3 d5 11. Bg2 Bb4 12. Qd4
Qe6 13. Kf1 Nc6 14. Qe3 O-O 15. Qxe6 fxe6 16. f3 e5 17. a3 Be7 18. Bg5 Be6 19.
Bxf6 Rxf6 20. Na4 d4 21. Nac5 Bd5 22. f4 Bxg2+ 23. Kxg2 exf4 24. Rgf1 Re8 25.
Nd3 fxg3 26. hxg3 Re6 $17 {Jackelen,T-Hansen,C/BL 9900/1999/}) 10... d5 11.
Bxf6 Bb4+ 12. Nc3 Bxc3+ 13. bxc3 Qxc3+ $5 (13... Qxf6 14. Qd4 Qe7 15. Qe3 Bf5
16. Nd4 Be4 17. f3 Nc4 18. Qf4 Bg6 19. e4 Na3 20. e5 O-O 21. Qe3 Rac8 22. Kf2
Nb1 23. Rxb1 Bxb1 24. Bh3 Qa3 25. Bxc8 Rxc8 26. Qd2 Bg6 27. Rc1 h6 $132 {
Hansen,C-De Firmian,N/Copenhagen/1985/}) 14. Qd2 Qxd2+ 15. Nxd2 gxf6 $15 {/~~})
(6. Nb5 {Stohl} a6 7. Be3 Qa5+ 8. N5c3 Ng4 9. Qd2 e6 10. Bg2 Nxe3 11. Qxe3 Bc5
12. Qd2 b5 13. Ne4 Qxd2+ 14. Nbxd2 Bd4 15. O-O-O f5 16. e3 fxe4 17. exd4 d5 18.
cxb5 axb5 19. Nb3 O-O 20. Rd2 Nb4 $17 {Miles,A-Schmittdiel,E/Ostend/1993/}) (6.
e3 {Stohl} e6 7. Bg2 Bb4+ 8. Bd2 d5 9. cxd5 Nxd4 10. exd4 O-O 11. Bxb4 Qxb4+
12. Qd2 Qxd2+ 13. Kxd2 exd5 14. Nc3 Be6 15. Rhc1 Rac8 16. Nb5 Bd7 17. Nd6 Rc6
$1 18. Rxc6 bxc6 19. f3 Rb8 20. Kc2 Kf8 21. Re1 a5 22. Bf1 g6 23. Ba6 Ra8 24.
Bd3 Ra7 25. Kb3 Nh5 26. a4 Ng7 27. f4 Ne6 28. Kc3 Ke7 $17 {Kortschnoj,V-Timman,
J/Amsterdam/1987/}) 6... e6 (6... d6 {Stohl} 7. Bg2 g6 8. Nc3 Bg7 9. O-O O-O
10. b3 $14 {-A39}) (6... Ne4 {Stohl} 7. e3 e6 8. Bg2 Bb4+ 9. Ke2 d5 10. Nxb4
Nxb4 11. Nd2 f5 12. Qb3 Qc5 13. a3 Nc6 14. cxd5 exd5 15. Rd1 Qe7 16. Nf3 O-O
17. Bd2 Nc5 18. Qc2 d4 19. Kf1 d3 20. Qc3 Be6 21. Ne5 Rac8 22. Nxc6 bxc6 23. a4
Nb3 24. Ra3 Qf7 25. Kg1 c5 26. Qxd3 Rfd8 $44 {Filippov,V-Sokolin,L/New York op/
1998/}) (6... Ne5 {Stohl} 7. b3 Qc6 8. f3 e6 9. Bb2 Qc7 10. Nc3 a6 11. Bg2 d6
12. f4 Ng6 13. O-O Rb8 14. Ne4 Be7 15. Nxf6+ Bxf6 16. Bxf6 gxf6 {Yermolinsky,
A-De Firmian,N/USA-ch/1994/} 17. f5 $5 $16 {[%csl Rd6,Re6,Rf6,Rf7] ק}) 7. Bg2
d5 {'!' Stohl.} (7... Ne5 $143 $6 {Stohl} 8. b3 Be7 9. O-O O-O 10. Nc3 d6 11.
e4 Bd7 12. Kh1 Rfd8 13. f4 Ng6 14. Bb2 Rac8 15. Qe2 a5 16. Rab1 Be8 17. Ne3 Bc6
18. Qf2 Nd7 19. Ba1 Nc5 20. Ng4 Qc7 21. Rbd1 $36 {->>>,Hauchard,A-Fayard,A/
FRA-ch/1991/}) (7... Be7 {Stohl} 8. Nc3 O-O 9. O-O d6 10. b3 a6 11. e4 Bd7 12.
Kh1 Rac8 13. g4 Qc7 14. Bb2 Qb8 15. Ne3 b5 16. g5 Ne8 17. f4 bxc4 18. Nxc4 Na7
19. Ne3 Bc6 20. Qh5 Qb7 21. f5 Nb5 22. f6 g6 23. Qh6 Bxf6 24. gxf6 Nxc3 25.
Bxc3 Bxe4 26. Rac1 $18 {Tukmakov,V-Peptan,C/Biel op/1999/}) 8. O-O (8. cxd5 $1
{Stohl} exd5 {-8.0-0} (8... Nxd5 9. O-O Bd7 $5 10. e4 {gives White some
chances for an advantage.} (10. Bxd5 exd5 11. Nc3 d4 12. Nd5 Qa5 $13))) 8...
Be7 {'?!' Stohl.} (8... dxc4 $142 {Stohl} 9. Ne3 (9. Nca3 Qa6 10. b3 Be7 11.
bxc4 O-O 12. Nb5 Qa5 13. Bd2 Qd8 14. Bf4 e5 15. Bg5 Bg4 16. Nd2 Rc8 17. h3 Be6
18. Qa4 Qd7 19. Kh2 Ng4+ 20. hxg4 Bxg5 21. Ne4 Be7 22. Rfd1 Nd4 23. Qxa7 Rxc4
24. Nxd4 Rxd4 25. Rxd4 Qxd4 26. Qxd4 exd4 $15 {Alburt,L-De Firmian,N/New York/
1985/}) 9... Qa6 10. Nd2 Ne5 11. Qc2 Bd7 12. Qc3 Ng6 13. Qxc4 b5 14. Qd4 Bc6
15. Ng4 Nxg4 16. Qxg4 Be7 $11 17. e4 $6 O-O 18. Nb3 Rad8 19. Be3 Ne5 20. Qh5
Nc4 21. Bd4 e5 22. Bc5 Bxc5 23. Nxc5 Qb6 24. b4 a5 $36 {Rahman,Z-Shariyazdanov,
A/Guntur/2000/}) 9. cxd5 exd5 (9... Nxd5 {Stohl} 10. Bxd5 $5 (10. Ne3 Nxe3 11.
Bxe3 Qxb2 12. Bxc6+ bxc6 13. Bd4 Qb7 14. Bxg7 Rg8 15. Bc3 c5 16. Qc2 Rg6 17.
Nd2 Qc6 18. Nc4 Bb7 19. f3 f6 20. Na5 Qc7 21. Nxb7 Qxb7 22. Qa4+ Kf7 23. Rad1 {
Topalov,V-Ponomariov,R/FIDE WCh Las Vegas/1999/}) 10... exd5 11. Nc3 $14) 10.
Nc3 {Stohl: '><d5'} O-O $1 {N 'N' Stohl.} (10... Be6) (10... Be6 {Stohl} 11.
Ne3 (11. b3 O-O 12. Na4 Qa5 13. Bb2 Ne4 14. Nd4 Nxd4 15. Bxd4 Rac8 16. Qd3 Rfd8
17. Rac1 b5 18. Nc3 Nxc3 19. Rxc3 Rxc3 20. Bxc3 Qxa2 21. Bd4 Qa5 22. f4 g6 23.
Qe3 Qc7 24. Rc1 Qd6 25. h3 a6 26. g4 Rc8 $15 {Hoelzl,F-Fauland,A/AUT-ch/1989/})
11... d4 12. Ned5 Nxd5 13. Nxd5 Bxd5 14. Bxd5 O-O 15. Qb3 Qxb3 16. Bxb3 Rfd8
17. Rd1 Bf6 18. Rb1 Rac8 19. Bd2 d3 20. exd3 Rxd3 21. Be3 Rxd1+ 22. Rxd1 Rc7
23. Ba4 h6 24. Bxc6 Rxc6 25. Rd7 Ra6 $11 {Skembris,S-De Firmian,N/Vrnjacka
Banja/1983/}) 11. Nxd5 (11. Bg5 Be6 (11... Qxb2 12. Bxf6 Bxf6 13. Nxd5 Bf5 $140
(13... Bd8 14. Nce3) 14. e4 Be6 15. Rb1 Qxa2 16. Nxf6+ gxf6 17. Ne3 $40) 12.
Bxf6 Bxf6 13. Nxd5 Bxd5 14. Qxd5 Qxb2 $11) 11... Nxd5 12. Qxd5 (12. Bxd5 Bh3
13. Re1 Rad8 (13... Rfd8 {Stohl} 14. e4 $14) 14. e4 Be6 15. Ne3 (15. Qh5 g6)
15... Bc5 $44) 12... Be6 (12... Bf6 13. a4 $5 Be6 14. Qb5) 13. Qe4 Bf6 {
'@' Stohl.} 14. a4 (14. Be3 Qxb2 15. Rab1 Qxa2 16. Rxb7 Rfc8 $5 $13 (16... Na5
17. Rxa7 Rxa7 18. Bxa7 Nc4 19. Be3 $11) (16... Rac8)) (14. a3 Rfd8 (14... Rac8
15. Nb4 (15. Be3 Qb3) 15... Nd4 16. Be3 Rfe8 17. Qxb7) 15. Be3 Qb3 $44) (14.
Ne3 {Stohl} Rad8 $44 (14... Rfe8 $5)) 14... Rac8 (14... Rad8 $5 15. Be3 Qb3 $44
) (14... Rfe8 {Stohl} 15. Qd3 Rad8 16. Qb5 $14) 15. Be3 {'!' Stohl.} (15. Rb1 {
Stohl} Rfe8 16. Be3 Qa5 $36) (15. Qd3 $2 {Stohl} Ne5 $17) 15... Qxb2 (15... Qb3
16. Rfb1 $16) 16. Rab1 Qa2 (16... Qc3 $5 17. Rfc1 $1 (17. Rxb7 Nd8 18. Rxa7 (
18. Nd4 Nxb7 19. Nxe6 Nd6) 18... Qxc2 19. Qxc2 Rxc2 20. Rc1 Rxe2 21. Bf3 (21.
a5 Bb2) 21... Ra2 $17) (17. Nb4 Nxb4 18. Rxb4 (18. Qxb4 Qxb4 19. Rxb4 b6 $17)
18... b6 $15) (17. Rbc1 Qa5 $15 (17... Rfd8 18. Nd4)) 17... Ba2 $1 18. Rb5 (18.
Rxb7 Na5 19. Ne1 Qxc1 20. Bxc1 Rxc1 21. Rxa7 Rxe1+ 22. Bf1 Be6 $15) 18... Rfe8
(18... a6 19. Nb4) 19. Qf4 $11) 17. Rxb7 a5 {'©' Stohl.} (17... Na5 18. Rxa7) (
17... Nd8 18. Nb4 $1 Qa3 19. Rb5 Qxa4 (19... Rc4 20. Qb1 Qxa4 21. Nd5 $16) 20.
Rh5 g6 21. Nd5 $3 $16) 18. Rb6 (18. Rb5 Bb3 19. Rc5 Bxa4 $15 (19... Qxa4)) (18.
Bb6 $5 {Stohl} Bb3 19. Ne3 Qxa4 (19... Qxe2 20. Nd5 $14) 20. Nd5 Be5 (20... Bd4
21. Ne7+ Nxe7 22. Qxd4 Rfe8 23. Qxa4 Bxa4 24. Bxa5 Bc6 25. Rb2 $14) 21. Ne7+
Nxe7 22. Qxe5 Nc6 $132) 18... Ne7 19. Nd4 Rc4 $6 {Stohl: 'Black makes life
difficult for himself.'} (19... Bd5 20. Qg4 Bxg2 21. Kxg2 Nd5 $1 (21... Qd5+
22. Kg1 h5 23. Qf4 Be5 24. Qh4 (24. Nf5 $16)) (21... Qxa4 $2 22. Rxf6 $18) (
21... Ng6 22. Nf5 Rc4 23. Qf3 $40 {[%cal Rf5h6] /\Nh6}) 22. Rd6 (22. Rb5 Nxe3+
23. fxe3 Bxd4 24. exd4 Rce8 (24... Qxa4 $2 25. Rxf7 $18)) 22... Qc4 $1 (22...
Nxe3+ 23. fxe3 Bxd4 24. Rxd4 $14 (24. Rxd4 {Stohl} Rc2 $44)) 23. Bg5 (23. Qf3
Bxd4 24. Bxd4 Qxd4) 23... Bxg5 (23... Bxd4 24. Rc1) 24. Qxg5 Qxd4 $11) 20. Rxe6
$1 (20. Qd3 Rd8) 20... fxe6 21. Bh3 $1 (21. Qxe6+ Kh8) 21... Kh8 {'[]' Stohl.}
(21... e5 22. Be6+ Kh8 23. Qd3) 22. Bxe6 Qxe2 $1 (22... Qxa4 23. Bxc4 Qxc4 24.
Rc1 Qd5 25. Qg4 $36) 23. Bxc4 Qxc4 {'<=>' Stohl.} 24. Qc2 Rc8 (24... Qxc2 25.
Nxc2 Rc8 26. Na3 Rc3 27. Nb5 {'+/=' Stohl.} (27. Bc1 $14 {Stohl}) 27... Rc4 $11
) 25. Rc1 Qxc2 26. Rxc2 Rxc2 27. Nxc2 Nd5 $1 $11 28. Na3 (28. Bd4 {Stohl} Bxd4
29. Nxd4 Nc3 30. Nc6 Nxa4 31. Nxa5 {is a drawish _|_ White avoids even later
on.}) 28... Nc3 29. Bd2 Nxa4 30. Bxa5 Kg8 {Stohl: 'In a position like this
White has only practical chances to realize his extra pawn, as any B or N _|_
is a theoretical draw.'} 31. Nc4 Nc5 32. Bb6 Nd7 33. Bc7 Kf7 34. Kg2 Ke6 35.
Kf3 Bd4 36. Ne3 Nf6 37. Bd8 Nd5 38. Nc4 Bf6 39. Ba5 Bc3 40. Bd8 Bf6 41. Bb6 Be7
1/2-1/2

[Event "FIDE World Cup-B"]
[Site "Shenyang"]
[Date "2000.09.01"]
[Round "1"]
[White "Ivanchuk, Vassily"]
[Black "Short, Nigel D"]
[Result "1/2-1/2"]
[WhiteElo "2719"]
[BlackElo "2677"]
[Annotator "Golod,V"]
[PlyCount "67"]
[EventDate "2000.09.01"]
[EventType "tourn"]
[EventRounds "5"]
[EventCountry "CHN"]
[EventCategory "17"]
[SourceTitle "CBM 079"]
[Source "ChessBase"]
[SourceDate "2000.11.21"]
[SourceVersion "1"]
[SourceVersionDate "2000.11.21"]
[SourceQuality "1"]

1. d4 Nf6 2. c4 e6 3. Nc3 Bb4 4. Qc2 d5 5. cxd5 Qxd5 6. e3 O-O $5 (6... c5 $5 {
It's main line.See comments to Georgiev,K-Adams,M/ Sarajevo,2000/CBM 77 (1/2-1/
2)(Golod,V)(22)}) ({Also possibly:} 6... e5 $5 {See comments to Sakaev,
K-Pigusov,E/St. Petersburg,1999/CBM 71 (1/2-1/2)(Golod,V) (41)}) 7. Bd2 ({
Other possibilities is:} 7. Nf3 c5 (7... Nc6 $143 8. Bd2 Bxc3 9. Bxc3 $14 {
Bolbochan,J-Grau,R/Buenos Aires,1936 (1-0)(14)}) (7... b6 $143 8. Bd3 Bb7 9.
O-O Bxc3 10. bxc3 c5 11. e4 Qh5 12. Qe2 Nbd7 13. a4 $14 {Koutsin,S-Romanishin,
O/Katowice,1995 (1/2-1/2)(30)}) 8. Bd2 Bxc3 9. Bxc3 cxd4 10. Bxd4 Nc6 11. Bc3
e5 12. a3 Bg4 13. Be2 Rac8 14. h3 Bh5 15. O-O {+/=/= Wang Lei-Mascarinas,R/
Quezon City,2000(1-0)(63)}) ({and} 7. Nge2 c5 (7... e5 $5 8. a3 exd4 9. axb4
dxc3 10. bxc3 Bf5 11. Qa2 Nc6 12. Nd4 $6 (12. Qxd5 $5 Nxd5 13. f3 $14) 12...
Nxd4 13. cxd4 Qd6 14. Ba3 Rfe8 15. Be2 Ne4 $36 {Lange,W-Engels,L/Bad
Oeynhausen, 1939(0-1)(38)}) 8. Bd2 Qd6 $5 (8... Qd8 9. a3 cxd4 10. Nxd4 Ba5 11.
Be2 Bb6 12. Nf3 Nc6 13. O-O Qe7 14. Rfd1 $14 {Flohr,S-Gilg,K/Bad Liebenwerda,
1934(1-0) (16)}) (8... Qc6 {(it's first game in this variation!!!)} 9. a3 Bxc3
10. Bxc3 Nbd7 11. dxc5 Qxc5 12. Rc1 Re8 13. Ng3 $14 {Flohr,S-Michell,R/
Hastings,1933(1-0)(54)}) 9. dxc5 Qxc5 10. a3 Bxc3 11. Nxc3 b6 12. Be2 Bb7 13.
O-O Nbd7 14. Rad1 Ne4 15. Bd3 Nef6 16. Ne4 $6 Qxc2 17. Nxf6+ Nxf6 18. Bxc2 Rac8
$11 {Eliskases,E-Foltys,J/Stuttgart,1939(1/2-1/2) (41)}) 7... Bxc3 8. Bxc3 $5
$146 {[%mdl 8] Interesting novelty of Vassily Ivanchuk.This move was not
played in the next games:} (8. bxc3 c5 9. Nf3 Nc6 10. Rb1 (10. Be2 Qd6 11. Bb5
Bd7 12. O-O Rac8 13. Qb1 Rfd8 14. Rd1 a6 15. Bf1 e5 $11 {Garcia,G-Kortschnoj,V/
Havana,1963(0-1) (27)}) 10... cxd4 $6 (10... Rd8 $5) 11. cxd4 b6 12. Bd3 Qd6
13. Bc3 h6 14. e4 Qe7 15. O-O Bb7 16. Rfe1 $14 {Hedman,E-Samuelsen,C/
Copenhagen,1999(1-0)(34)}) 8... b6 {[%cal Gc8a6] Non-typical idea.} ({It
deserves attention:} 8... c5 $5 9. dxc5 Qxc5 {+/=/=}) 9. Be2 $1 {[%csl Ra8,Rd5]
[%cal Ge2f3]} Nc6 ({Slightly dubious:} 9... Ne4 10. Bf3 Bb7 11. Ne2 $36) ({
Is a possible continuation of the play:} 9... Qe4 $5) 10. Nf3 {Now this move
better,than:} (10. Bf3 Qd6 {[%cal Gc8b7] +/=/=}) 10... a5 ({In my opinion a
little better is:} 10... Bb7) 11. O-O Ba6 12. Bxa6 Rxa6 13. Rfd1 $14 Ra7 {
Strange decision.} ({More logically:} 13... Raa8 $5) ({Also good enough:} 13...
b5 $5) 14. Nd2 {[%cal Ge3e4] With the threats 15.e4 /\15...Nxd4?? 16.Qd3(פd4)}
Nb4 ({Also white save a positional advantage after:} 14... Rd8 15. e4 Qg5 16.
Nf1 $14) 15. Qb1 Qb5 {Black is preparing c7-c5 or a5-a4.} 16. e4 a4 17. Nf3 Re8
18. h3 {Slow,prophylactic move.From my point of view a little better is:} (18.
d5 $5 exd5 19. Bxf6 gxf6 20. a3 Na6 {-transfer to 18.a3!?} (20... dxe4 $4 21.
Nd4 $18)) ({or} 18. a3 $5 Nc6 (18... Na6 $143 19. d5 exd5 20. Bxf6 gxf6 21.
Rxd5 {+/=/+/-} (21. exd5 $5 $36)) 19. d5 exd5 20. Bxf6 gxf6 21. Rxd5 Qe2 22.
Nd2 Ra5 $1 23. Qd3 Qxd3 24. Rxd3 $14) 18... c5 $1 {It's absolutely sound
decision.} 19. dxc5 ({Again a little bit better is:} 19. a3 $5 Na6 20. dxc5
Nxc5 21. Bxf6 gxf6 22. Qc2 $14) 19... bxc5 20. Bxf6 gxf6 21. Qc1 {[%csl Rf6,
Rg8][%cal Gc1h6]} ({Probably,first of all,it is necessary:} 21. a3 Nc6 22. Qc2
{+/=/=}) 21... Nd3 22. Qc3 (22. Qh6 $2 {is refuted by:} Qxb2 {[%csl Ra1,Rf2]
[%cal Gb2f2,Gb2a1]}) 22... c4 23. Rd2 $6 ({Also leads to approximately equal
position:} 23. Qxf6 Qxb2 {[%csl Rf2,Rf6]} 24. Nd4 (24. Qxb2 Nxb2 25. Rdc1 Rc7
$11) 24... Rd7 25. Qg5+ Kf8 26. Qh6+ Kg8 $11) ({Can be recommended:} 23. Ne1 $5
Nxe1 (23... Qxb2 $4 24. Rxd3 $18) 24. Rxe1 $14) ({and} 23. Rab1 $5) 23... Kg7 {
[%csl Rf6,Yg7][%cal Yg7f6]} 24. Rad1 Rb7 {[%csl Rb2]} 25. Ne1 Nf4 $5 {[%csl
Yf4][%cal Yf4g6]} ({Mistaken exchange:} 25... Nxe1 26. Rxe1 $36 {[%csl Rg7]
[%cal Ge1e3,Ge3g3]}) 26. h4 $6 ({Much better is:} 26. Rc2 $5 Qh5 27. Rdd2 {
+/=/=}) 26... Ng6 {[%csl Yg6]} 27. g3 Reb8 $11 {With the idea Qe5(קb2,e4)} 28.
f4 $6 {Another one dubious move.} (28. Nf3 $142 $5) 28... Qh5 29. Rc1 e5 ({
Senselessly:} 29... Qg4 $6 {[%csl Rg1][%cal Gg6f4,Gg6h4] in view of:} 30. Ng2
$14) 30. Ng2 ({More safely:} 30. f5 Ne7 31. Nf3 $11) 30... exf4 31. Rf1 {
[%csl Gc3,Gf1,Rf6] Again inaccuracy.} (31. Nxf4 $142 Nxf4 32. gxf4 Qxh4 33.
Rg2+ Kh8 34. Qxc4 $11 Rxb2 $140 $4 35. Qc8+ Rxc8 36. Rxc8#) 31... Qe5 ({
In my opinion much better is:} 31... Qc5+ $5 32. Kh1 $140 (32. Rff2 $2 fxg3 33.
Qxg3 Rxb2 $19 {[%csl Gc5,Rg1]}) 32... a3 33. bxa3 Rb1 34. Rdd1 Rxd1 35. Rxd1
Qf2 $36) 32. gxf4 Qxe4 33. h5 Ne7 34. Ne3 {After this move Nigel Short is
agreed for draw,probably,because of zeitnot.} ({After:} 34. Ne3 Rb5 {[%cal
Gb5h5]} (34... Rxb2 $2 35. Rxb2 Rxb2 36. Qxb2 Qxe3+ 37. Qf2 {+/=/+/-_|_}) 35.
Rg2+ Kf8 {black has a evident advantage.}) 1/2-1/2